Score 0/60 Timer 06:00
5 Plays Today
% Correct
Prejudice
91.6%
Pride
91%
Matilda
75.5%
Persuasion
74.8%
Abbey
74.7%
Northanger
74.3%
Goldfinger
74%
Royale
73.8%
Casino
73.7%
Fox
72.4%
Mr.
72.3%
Fantastic
71.9%
Cujo
71.6%
Park
71.3%
Jurassic
71%
Diamonds
69.2%
Are
69%
Forever
68.9%
Darkness
68.8%
Heart
68.2%
The
68.1%
And
67.2%
Symbol
62.5%
And
62.3%
Brideshead
60%
Of
59.9%
Revisited
59.8%
Beloved
57.2%
Of
55.5%
Lost
53.8%
% Correct
Andromeda
51.9%
Strain
51.5%
Inferno
49.2%
The
47.4%
Solomon
46.5%
The
46.1%
Song
45.3%
Digital
43.2%
Fortress
42.7%
Jim
41.8%
Lord
41.3%
Dome
41.2%
Under
40.8%
Congo
37.9%
Baby
37.3%
Things
37%
Trot
36.8%
Esio
36.6%
Needful
36.6%
Tar
35.5%
August
32%
In
31.7%
Light
30.3%
Nostromo
30%
Fall
28.3%
Decline
27.3%
Sanctuary
22.5%
Scoop
20%
Soldiers'
17.7%
Pay
14.3%

You're not logged in!

Compare scores with friends on all Sporcle quizzes.
OR
Log In

Sporcle TV

Today on Sporcle TV


Watch our educational content, quiz creation guides, and fun videos on Sporcle TV.

Show Comments

Extras

Top Quizzes Today


Score Distribution

Paid Content

Your Account Isn't Verified!

In order to create a playlist on Sporcle, you need to verify the email address you used during registration. Go to your Sporcle Settings to finish the process.

Report this User

Report this user for behavior that violates our Community Guidelines.

Details: